FRUITS ET LEGUMES de saison 🍌🥑 - Statistiques

Statistiques générales
  • Ce quiz a Ă©tĂ© pris 285 fois
    284 depuis la dernière actualisation
  • Le rĂ©sultat moyen est 38 sur 108
Statistiques - réponses
Question Tuile Select % Correct
FEVRIER pasteque Non
78%
FEVRIER tomate Non
76%
JANVIER fèves Non
71%
AVRIL tomate Non
68%
JANVIER carotte Oui
65%
FEVRIER courgette Non
65%
AOÛT anone Non
63%
JANVIER asperge Non
63%
AVRIL framboise Non
63%
NOVEMBRE papaye Non
63%
DECEMBRE petit pois Non
63%
SEPTEMBRE asperge Non
62%
MARS haricot vert Non
62%
DECEMBRE myrtille Non
62%
SEPTEMBRE nèfle Non
62%
NOVEMBRE ananas Non
61%
MARS courge Non
61%
JUILLET courge Non
60%
FEVRIER radis Non
60%
MAI chou rouge Non
58%
MAI poivron Non
56%
OCTOBRE blette Non
55%
DECEMBRE noisette Non
55%
NOVEMBRE petit pois Non
55%
AOÛT avocat Non
54%
JUIN haricot vert Non
54%
JUILLET fruit de la passion Non
52%
JUIN groseille Non
52%
OCTOBRE kaki Non
52%
NOVEMBRE radis Non
52%
MAI asperge Non
49%
AVRIL broccoli Non
49%
NOVEMBRE épinard Non
48%
AVRIL cèleri Non
47%
JUILLET prune Non
47%
JANVIER fenouil Oui
46%
OCTOBRE panais Non
46%
JANVIER patate douce Oui
46%
FEVRIER poireau Oui
45%
JUILLET pĂŞche Oui
40%
JANVIER salade Oui
36%
JUIN cerise Oui
34%
JUILLET tomate Oui
34%
MARS endive Oui
33%
FEVRIER orange Oui
33%
JUIN melon Oui
32%
MARS navet Oui
31%
SEPTEMBRE raisin Oui
31%
OCTOBRE champignon Oui
30%
MARS chou-fleur Oui
30%
OCTOBRE potimarron Oui
30%
FEVRIER champignon Oui
29%
NOVEMBRE chou de bruxelles Oui
29%
AOÛT framboise Oui
29%
SEPTEMBRE figue Oui
28%
JUIN concombre Oui
27%
AVRIL pomme de terre Oui
27%
MAI rhubarbe Oui
27%
JANVIER ananas Oui
26%
MARS carotte Oui
26%
OCTOBRE courge Oui
26%
DECEMBRE mandarine Oui
26%
NOVEMBRE navet Oui
25%
AOÛT poire Oui
25%
FEVRIER pomme Oui
25%
SEPTEMBRE courgette Oui
24%
AOÛT raisin Oui
24%
JUILLET aubergine Oui
23%
NOVEMBRE endive Oui
23%
OCTOBRE navet Oui
23%
SEPTEMBRE noix Oui
23%
OCTOBRE noix Oui
23%
JUIN pasteque Oui
23%
DECEMBRE potimarron Oui
22%
MARS asperge Oui
21%
MAI banane Oui
21%
MAI blette Oui
21%
AOÛT petit pois Oui
21%
DECEMBRE rutabaga Oui
21%
DECEMBRE cèleri Oui
20%
JANVIER grenade Oui
20%
AOÛT pomme de terre Oui
20%
DECEMBRE radis noir Oui
20%
MAI aubergine Oui
19%
AOÛT banane Oui
19%
OCTOBRE coing Oui
19%
JUIN épinard Oui
19%
SEPTEMBRE tomate Oui
19%
SEPTEMBRE broccoli Oui
18%
JUILLET figue Oui
18%
JANVIER mangue Oui
17%
JUIN artichaud Oui
16%
FEVRIER avocat Oui
16%
MAI avocat Oui
16%
SEPTEMBRE carotte Oui
16%
MAI pomme Oui
16%
AOÛT carotte Oui
15%
AVRIL courgette Oui
15%
MARS kiwi Oui
15%
JUILLET betterave Oui
14%
AVRIL nèfle Oui
14%
MARS poire Oui
14%
JUILLET orange Oui
13%
AVRIL papaye Oui
13%
NOVEMBRE kiwi Oui
12%
JUIN fève Oui
11%
DECEMBRE kaki Oui
11%
AVRIL anone Oui
10%
Aucun quiz correspondant
Distribution des résultats
% des personnes avec chaque résultat
Percentile par nombre de réponses
Votre historique - résultats
Vous n’avez pas pris ce quiz depuis la dernière actualisation